000 00521nam a2200217Ia 4500
001 12947
003 GE_BSU
008 181216s||||||||xx |||||||||||||| ||und||
020 _a0751502006
040 _cGE_BSU
080 _a821.111-31
100 _aErskine,Barbara.
245 _aLady of Hay.
245 _bFascinating,absorbinc and Original.
260 _aLondon.
260 _bWarner Books.
260 _c1986
300 _a760p;18cm.
653 _aLady of Hay.Fascinating,absorbinc and Original.
942 _cBK
999 _c46116
_d46116